Destinos del Aeropuerto Int. de El Salvador (San Salvador) - Estadísticas

Estadísticas generales
  • Esta prueba ha sido intentada 13 veces
    3 desde el último reinicio
  • La puntuación promedio es 13 de 32
Estadísticas de respuestas
Aerolíneas Destino % Correcto
AviancaVolaris Ciudad de Guatemala
100%
AviancaCopa Airlines Ciudad de Panamá
100%
Iberia Madrid
100%
Avianca Bogotá
67%
Avianca Cancún
67%
Avianca Chicago
67%
Aeroméxico
Avianca Volaris
Ciudad de México
67%
American AirlinesAvianca Frontier Airlines Dallas-Fort Worth
67%
AviancaFrontier Airlines
Spirit Airlines United Airlines Volaris
Houston
67%
Avianca Lima
67%
Avianca
United Airlines
Volaris
Los Ángeles
67%
Avianca Nueva York
67%
Avianca San Francisco
67%
Avianca San Pedro Sula
67%
Avianca Tegucigalpa-Comayagua
67%
Delta Airlines Frontier Airlines Atlanta
33%
Avianca Guayaquil
33%
Avianca Managua
33%
Avianca Medellín
33%
American Airlines Avianca Frontier Airlines Volaris Miami
33%
Avianca Quito
33%
Avianca Volaris San Jose (CR)
33%
Avianca Boston
0%
Spirit Airlines Fort Lauderdale
0%
Avianca Las Vegas
0%
Air TransatAvianca Montreal
0%
United AirlinesVolaris Newark
0%
Volaris Oakland
0%
Avianca Ontario
0%
AviancaFrontier Airlines Orlando
0%
Avianca Toronto
0%
AviancaFrontier Airlines
United Airlines
Volaris
Washington D. C.
0%
No se encontraron pruebas coincidentes
Distribución de puntuación
Porcentaje de gente con cada puntuación
Porcentaje por número respondido
Historial de tus puntuaciones
No has intentado esta prueba desde el último reinicio